Statistics for Spanish Conjugation #1 - Preterite Tense

Click here to take the quiz!

General Stats

  • This quiz has been taken 293 times
    (289 since last reset)
  • The average score is 56 of 80

Answer Stats

HintAnswer% Correct
IFui
88%
He/She/ItFue
87%
WeFuimos
86%
YouFuiste
85%
IEstuve
84%
WeEstuvimos
83%
YouEstuviste
83%
He/She/ItEstuvo
83%
TheyFueron
82%
ITuve
82%
TheyEstuvieron
80%
WeTuvimos
80%
YouTuviste
80%
He/She/ItTuvo
80%
TheyTuvieron
78%
IFui
77%
IVi
77%
IDi
75%
He/She/ItFue
75%
WeFuimos
75%
YouFuiste
75%
YouViste
75%
TheyFueron
74%
YouConociste
73%
YouDiste
73%
WeVimos
73%
IConocí
72%
IHube
72%
TheyVieron
72%
He/She/ItVio
72%
TheyConocieron
71%
WeConocimos
71%
TheyDieron
70%
WeDimos
70%
He/She/ItDio
70%
IHice
70%
YouHiciste
70%
WeHicimos
69%
TheyHicieron
68%
YouHubiste
67%
I
67%
YouOiste
67%
IPuse
67%
ISupe
67%
TheySupieron
67%
WeSupimos
67%
YouSupiste
67%
He/She/ItSupo
67%
IDije
66%
He/She/ItHizo
66%
WeHubimos
66%
WeOimos
66%
TheyPusieron
66%
WePusimos
66%
YouPusiste
66%
He/She/ItPuso
66%
IQuise
66%
He/She/ItDijo
65%
TheyHubieron
65%
He/She/ItHubo
65%
IPude
65%
YouPudiste
65%
WeDijimos
64%
YouDijiste
64%
TheyPudieron
64%
He/She/ItPudo
64%
TheyQuisieron
64%
YouQuisiste
64%
He/She/ItQuiso
64%
TheyDijeron
63%
WePudimos
63%
WeQuisimos
63%
He/She/ItConocío
62%
IVine
61%
YouViniste
61%
TheyVinieron
60%
WeVinimos
60%
He/She/ItVino
60%
TheyOyeron
55%
He/She/ItOyó
55%

Score Distribution

Percentile by Number Answered

Percent of People with Each Score

Your Score History

You have not taken this quiz since the last reset